000 00666nam a2200217Ia 4500
005 20230127092153.0
008 131103s9999 xx 000 0 und d
040 _aLoreto College
041 _aEnglish
082 _a832
_bBRE
100 _aBrecht,Bertolt
245 _aParables for the theatre
_b two plays : the good women of setzuan and the caucasian chalk circle
_cBertolt Brecht; revised by Eric Bentley
260 _aHarmoundsworth
_bPenguin Books
_c1966
300 _a207 p.
440 _aPenguin Plays
504 _aRevised English Versions
650 _aGerman literature - drama
700 _aBentley,Eric,rev.
850 _aLCLIB
942 _cBK
999 _c5148
_d55627